Szczegóły MARC21

Słownik języka polskiego. T. 1- /

003 -Nazwa inst., której nr kontr. jest w polu 001 [,]
    • @
    • Nazwa instytucji, której n kontrolny jest w polu 001
    • NUKAT
005 -DATA I CZAS OSTATNIEJ MODYFIKACJI [,]
    • @
    • pole kontrolne
    • 20241231110336.0
040 -Instytucja sporządzająca opis [ , ]
    • a
    • Instytucja, która sporządziła opis (NP)
    • LUBL M/JD
    • c
    • Instytucja, która sporządziła rekord (NP)
    • LUBL M/JD
    • d
    • Instytucja, która zmodyfikowała rekord (P)
    • LUBL M/JDs
    • d
    • Instytucja, która zmodyfikowała rekord (P)
    • LUBL M/IK
    • d
    • Instytucja, która zmodyfikowała rekord (P)
    • OLSZT 003/bak
942 -Rodzaj dokumentu [ , ]
    • c
    • Rodzaj dokumentu
    • Książka
100 -Hasło główne - nazwa osobowa [1, ]
    • a
    • Nazwa osobowa (NP)
    • Linde, Samuel Bogumił
    • d
    • Daty biograficzne (NP)
    • (1771-1847).
    • 9
    • KHW
    • 242702
245 -Strefa tytułu i oznaczenia odpowiedzialności [1,0]
    • a
    • Tytuł
    • Słownik języka polskiego. Find
    • n
    • Oznaczenie części (P)
    • T. 1- /
    • c
    • Pozostałe elementy strefy tytułu i oznaczenia odpowiedzialności (NP)
    • M. Samuel Bogumił Linde.
250 -Strefa wydania [ , ]
    • a
    • Oznaczenie wydania (NP)
    • Wyd. 3 fotooffsetowe.
260 -Strefa adresu wydawniczego [ , ]
    • a
    • Miejsce wydania (P)
    • [Warszawa] :
    • b
    • Nazwa wydawcy (P)
    • Państwowy Instytut Wydawniczy,
    • c
    • Data wydania (P)
    • 1951-.
300 -Strefa opisu fizycznego [ , ]
    • a
    • Określenie formy książki i/lub objętość (NP)
    • Wol. ;
    • c
    • Format (NP)
    • 27 cm.
336 -Typ zawartości [ , ]
    • a
    • Termin opisujący typ zawartości
    • Tekst
    • b
    • Kod określający zawartość
    • txt
    • 2
    • Źródło (terminu i kodu)
    • rdacontent
337 -Typ mediów [ , ]
    • a
    • Tryb odtwarzania
    • Bez urządzenia pośredniczącego
    • b
    • Kod typu mediów
    • n
    • 2
    • Źródło (terminu i kodu)
    • rdamedia
338 -Typ/rodzaj nośnika [ , ]
    • a
    • Hasło opisujące typ nośnika
    • Wolumin
    • b
    • Kod typu nośnika
    • nc
    • 2
    • Źródło (terminu i kodu)
    • rdacarrier
534 -Uwaga dot. podstawy reprodukcji [ , ]
    • p
    • Określenie wprowadzające
    • Przedr. fotooffsetowy, oryg.:
    • c
    • Adres wydawniczy oryginału
    • Lwów : staraniem i nakł. Zakładu Narodowego im. Ossolińskich, 1854.
650 -Hasło przedmiotowe [ ,7]
    • a
    • Hasło przedmiotowe
    • Język polski
    • y
    • Określnik chronologiczny
    • 1500-1800
    • v
    • Określnik formalny
    • słowniki.
    • 2
    • Źródło terminu
    • kaba
    • 9
    • KHW
    • 418044
710 -Hasło dodatkowe - nazwa ciała zbiorowego [2, ]
    • a
    • Nazwa ciała zbiorowego lub nazwa geograficzna jako pierwszy element (NP)
    • Państwowy Instytut Wydawniczy.
    • 4
    • Kod relacji
    • pbl
    • 9
    • KHW
    • 51410
Lokalizacja Numer porzadkowy Numer tomu Status udost. Numer inwentarzowy Sygnatura
BG4T.4 P-M1SN.339 
BG3T.3 M-O1SN.338 
BG5T.5 R-T1SN.340 
BG6T.6 U-Z1SN.341 
BG1T.1 A-F1Z.18961 
BG2T.2 G-L1Z.18962 
BG3T.3 M-O1Z.18963 
BG5T.5 R-T1Z.18965 
BG6T.6 U-Z1Z.18966 
BG4T.4 P-M1Z.19241 
BG4T.4 P-M1Z.18964 
BG1T.1 A-F1Z.19238 
BG2T.2 G-L2Z.19239 
BG3T.3 M-O2Z.19240 
BG5T.5 R-T2Z.19242 
BG4T.4 P-M2Z.19243 
BG1T.1 A-F-3SN.336 
BG2T.2 G-L-3SN.337 
BM1T.1 A-F1P.1714POL. Słow. j. pol. – hist. 14
BM2T.2 G-L1P.1715POL. Słow. j. pol. – hist. 15
BM3T.3 M-O1P.1716POL. Słow. j. pol. – hist. 16
BM4T.4 P-M1P.1717POL. Słow. j. pol. – hist. 17
BM5T.5 R-T1P.1718POL. Słow. j. pol. – hist. 18
BM6T.6 U-Z1P.1719POL. Słow. j. pol. – hist. 19